La petite roque / (Record no. 159196)

MARC details
000 -LEADER
campo de control de longitud fija 00558nam a2200181 i 4500
001 - NÚMERO DE CONTROL
campo de control 159196
003 - IDENTIFICADOR DE NÚMERO DE CONTROL
campo de control ES-MaACL
005 - FECHA Y HORA DE LA ÚLTIMA TRANSACCIÓN
campo de control 20240516063101.0
008 - DATOS DE LONGITUD FIJA--INFORMACIÓN GENERAL
campo de control de longitud fija 040908s1896 fr |||| | fre d
040 ## - FUENTE DE CATALOGACIÓN
Centro catalogador/agencia de origen CAM
Lengua de catalogación spa
Centro/agencia transcriptor CAM
100 1# - ENTRADA PRINCIPAL--NOMBRE DE PERSONA
Nombre de persona Maupassant, Guy de,
Fechas asociadas al nombre 1850-1893
9 (RLIN) 79214
245 13 - MENCIÓN DEL TÍTULO
Título La petite roque /
Mención de responsabilidad, etc. Guy de Maupassant.
250 ## - MENCION DE EDICION
Mención de edición Nouvelle éd. revue.
260 ## - PUBLICACIÓN, DISTRIBUCIÓN, ETC.
Lugar de publicación, distribución, etc. Paris :
Nombre del editor, distribuidor, etc. Paul Ollendorff,
Fecha de publicación, distribución, etc. 1896 (
Fabricante E. Kapp)
300 ## - DESCRIPCIÓN FÍSICA
Extensión 324 p. ;
Dimensiones 19 cm.
852 ## - LOCALIZACIÓN
Ubicación ES-MaACL
Número de control de estantería B-3225
Nota libre -- Enc. pasta española
Holdings
Estatus retirado Estado de pérdida Estado de daño No para préstamo Colección Biblioteca de origen Biblioteca actual Ubicación en estantería Fecha de adquisición Fuente de adquisición Total de préstamos Signatura topográfica completa Código de barras Visto por última vez Precio de reemplazo Tipo de ítem Koha
        Libros del s. XIX Biblioteca del Ateneo de Madrid Biblioteca del Ateneo de Madrid Sala Pardo Bazán 17/01/2008     B-3225 1166654 23/02/2023 23/02/2023 Libro impreso antiguo